Discover English : a language awareness workbook /

Bibliographic Details
Main Author: Bolitho, Rod
Other Authors: Tomlinson, Brian (Brian T.)
Format: Book
Language:English
Published: London ; Boston : Allen & Unwin, 1980.
Subjects:

MARC

Tag First Indicator Second Indicator Subfields
LEADER 00000cam a2200000 a 4500
001 in00000092127
005 20151008064158.0
008 810629s1980 enka 00110 eng d
010 |a  80040773  
020 |a 004371076X 
035 |a (OCoLC)07538925 
035 |9 AAK3686AM 
040 |a British Library CIP  |c TXV  |d TXV  |d TXA  |d UtOrBLW 
049 |a TXAM  |c [1655227] 
082 0 |a 428/.2/407 
090 |a PE1128.A2  |b B5 
100 1 |a Bolitho, Rod. 
245 1 0 |a Discover English :  |b a language awareness workbook /  |c Rod Bolitho and Brian Tomlinson. 
264 1 |a London ;  |a Boston :  |b Allen & Unwin,  |c 1980. 
300 |a 165 pages :  |b illustrations ;  |c 22 cm. 
336 |a text  |b txt  |2 rdacontent 
337 |a unmediated  |b n  |2 rdamedia 
338 |a volume  |b nc  |2 rdacarrier 
500 |a Includes index. 
650 0 |a English language  |x Study and teaching  |x Foreign speakers. 
700 1 |a Tomlinson, Brian  |q (Brian T.) 
999 |a MARS 
999 f f |s 0e05e9c6-4424-30ad-b467-3e0921fb6a65  |i 31372983-d2cd-31de-a203-5be6c129d084  |t 0 
952 f f |p ric  |a Texas A&M University  |b Rellis Campus  |c Joint Library Facility  |s JLF  |d Remote Storage  |t 0  |e PE1128.A2 B5  |h Library of Congress classification  |i unmediated -- volume  |m A14806174626 
998 f f |a PE1128.A2 B5  |t 0  |l Remote Storage